000
00207 a2200097 4500
001
12636
100
_a
Collins
245
_a
Atlas of Military History
260
_a
_b
harper Collins
_c
090
_c
9636
_d
9636
942
_a
NUST-CAE
_c
M
_c
36529
999
_c
247709
_d
247709